| 000 | 00520nam a2200169Ia 4500 | ||
|---|---|---|---|
| 003 | GCL | ||
| 008 | 140319s9999 xx 000 0 ara d | ||
| 040 |
_aGCL / _cGCL |
||
| 082 | 0 | 4 |
_a785.092 _bد ب |
| 100 | 1 | _aدار الراتب الجامعية | |
| 245 | 1 | 0 |
_aباخ: جوهان سباستيان باخ / _cدار الراتب الجامعية |
| 300 | _a78 ص | ||
| 490 |
_aعالم الموسيقيين _v0 |
||
| 650 | 0 | 4 | _aالتراجم |
| 650 | 0 | 4 | _aالموسيقيون الالمانيون |
| 942 |
_2ddc _cBK |
||
| 999 |
_c46441 _d46441 |
||